| 000 | 00379nam a2200145Ia 4500 | ||
|---|---|---|---|
| 008 | 150201s2003 xx 000 0 und d | ||
| 082 |
_a616.0707 _bO2003R |
||
| 100 | _aREGEZI,JOSEPH A. | ||
| 245 | _aORALPATHOLOGY :CLINICAL PATHOLOGIC CORELATION | ||
| 250 | _a4TH | ||
| 260 |
_bSAUNDERS _aPHILADELPHIA _c2003 |
||
| 300 | _a1-448 | ||
| 650 | _aORAL PATHOLOGY | ||
| 942 |
_2ddc _cBK _02 |
||
| 999 |
_c3476 _d3476 |
||